[Event "LSS No Engine Cup 220 Final"]
[Site "LSS email"]
[Date "2022.02.19"]
[Round "?"]
[White "Orlov, Vladimir"]
[Black "Cordes, Michael"]
[Result "1-0"]
[WhiteElo "2179"]
[BlackElo "1136"]
[PlyCount "95"]
[EventDate "2022.02.19"]
[EventType "tourn (corr)"]
[EventRounds "6"]
[EventCountry "GER"]
[SourceTitle "Corr 2024"]
[Source "ChessBase"]
[SourceDate "2023.10.19"]
[SourceVersion "1"]
[SourceVersionDate "2023.10.19"]
[SourceQuality "1"]

1. e4 e5 2. Nf3 Nc6 3. Bc4 Bc5 4. c3 Nf6 5. d3 a5 6. 0-0 d6 7. Re1 h6 8. Nbd2 Be6 9. Bb5 0-0 10. Nf1 Ne7 11. d4 exd4 12. cxd4 Bb6 13. Ng3 d5 14. e5 Ne4 15. Bd3 Nxg3 16. hxg3 Bg4 17. Bc2 c5 18. dxc5 Bxc5 19. Be3 Rc8 20. Bxc5 Rxc5 21. Qd2 Qb6 22. Bd3 Rcc8 23. Nd4 Rce8 24. Rac1 Nc6 25. Nxc6 bxc6 26. Bb1 Bd7 27. Rc3 Re7 28. Rb3 Qc7 29. f4 Ra8 30. Kh2 Ree8 31. Rf3 a4 32. Rff1 Rab8 33. Qc3 Qb7 34. g4 Qc7 35. Qd3 g6 36. Qg3 c5 37. Qh4 Kg7 38. Kg1 Qd8 39. Qg3 Rxb2 40. f5 Bb5 41. Rf3 d4 42. fxg6 fxg6 43. Bxg6 Rf8 44. e6 Rxf3 45. Qxf3 Qf6 46. Bf5 Be8 47. Rf1 Qg5 48. Qa8 1-0

[Event "LSS No Engine Cup 220 Preliminary 0"]
[Site "LSS email"]
[Date "2021.08.26"]
[Round "?"]
[White "Orlov, Vladimir"]
[Black "Cruz Ramirez, Eliecer"]
[Result "1-0"]
[WhiteElo "2158"]
[BlackElo "2072"]
[PlyCount "37"]
[EventDate "2021.08.26"]
[EventType "tourn (corr)"]
[EventRounds "6"]
[EventCountry "GER"]
[SourceTitle "Corr 2024"]
[Source "ChessBase"]
[SourceDate "2023.10.19"]
[SourceVersion "1"]
[SourceVersionDate "2023.10.19"]
[SourceQuality "1"]

1. e4 e6 2. d4 d5 3. Nc3 Bb4 4. e5 Ne7 5. a3 Bxc3+ 6. bxc3 c5 7. Qg4 0-0 8. Bd3 Nbc6 9. Nf3 f5 10. Qg3 Qb6 11. Bh6 Ng6 12. h4 c4 13. h5 gxh6 14. hxg6 cxd3 15. Kd2 dxc2 16. Rac1 Bd7 17. Qh4 Qd8 18. Qxh6 Qe7 19. Qxh7+ 1-0

[Event "LSS No Engine Cup 220 Preliminary 0"]
[Site "LSS email"]
[Date "2021.08.26"]
[Round "?"]
[White "Orlov, Vladimir"]
[Black "Rivas Maceda, Juan"]
[Result "1/2-1/2"]
[WhiteElo "2158"]
[BlackElo "2244"]
[PlyCount "80"]
[EventDate "2021.08.26"]
[EventType "tourn (corr)"]
[EventRounds "6"]
[EventCountry "GER"]
[SourceTitle "Corr 2024"]
[Source "ChessBase"]
[SourceDate "2023.10.19"]
[SourceVersion "1"]
[SourceVersionDate "2023.10.19"]
[SourceQuality "1"]

1. e4 c5 2. Nf3 d6 3. d4 cxd4 4. Nxd4 Nf6 5. Nc3 a6 6. Bg5 e6 7. f4 Qb6 8. Qd2 Qxb2 9. Rb1 Qa3 10. f5 Nc6 11. fxe6 fxe6 12. Nxc6 bxc6 13. Be2 Be7 14. 0-0 0-0 15. Rb3 Qc5+ 16. Be3 Qe5 17. Bf4 Qc5+ 18. Kh1 Ng4 19. h3 e5 20. Na4 Qa7 21. Bc4+ Kh8 22. hxg4 exf4 23. Nb6 d5 24. exd5 cxd5 25. Bxd5 Rb8 26. Nxc8 Rbxc8 27. Be4 g6 28. Rxf4 Rxf4 29. Qxf4 Rf8 30. Qe5+ Bf6 31. Qd6 Be7 32. Qb6 Qd7 33. Bf3 Bf6 34. Qb4 Bg7 35. Re3 Qc7 36. Qe4 a5 37. c4 Rf4 38. Qe8+ Rf8 39. Qe4 Rf4 40. Qd5 Rf8 1/2-1/2

[Event "SM-2020-0-00436"]
[Site "LSS email"]
[Date "2020.12.08"]
[Round "?"]
[White "Cvak, Rudolf"]
[Black "Orlov, Vladimir"]
[Result "1/2-1/2"]
[WhiteElo "2325"]
[BlackElo "2251"]
[PlyCount "73"]
[EventDate "2020.09.03"]
[EventType "tourn (corr)"]
[EventRounds "6"]
[EventCountry "GER"]
[SourceTitle "Corr 2022"]
[Source "ChessBase"]
[SourceDate "2021.10.24"]
[SourceVersion "1"]
[SourceVersionDate "2021.10.24"]
[SourceQuality "1"]

1. e4 e6 2. d4 d5 3. Nc3 Nf6 4. e5 Nfd7 5. f4 c5 6. Nf3 Nc6 7. Be3 a6 8. Ne2 Be7 9. c3 0-0 10. Qc2 b5 11. h4 f6 12. g3 b4 13. Bh3 Kh8 14. 0-0 bxc3 15. Qxc3 c4 16. Rab1 Qe8 17. Bd2 a5 18. Qe3 Rb8 19. Kh2 Nb4 20. Nc3 Rb7 21. a3 Nd3 22. f5 exf5 23. e6 Nb6 24. Bxf5 Bd6 25. b3 Qh5 26. Ng1 Qxh4+ 27. Kg2 Qg5 28. Qxg5 fxg5 29. bxc4 Nxc4 30. e7 Bxe7 31. Bxc8 Rxb1 32. Rxf8+ Bxf8 33. Nxb1 Nxd2 34. Nxd2 Bxa3 35. Ne2 Bb2 36. Bd7 Ne1+ 37. Kh3 1/2-1/2

[Event "SM-2020-0-00436"]
[Site "LSS email"]
[Date "2020.12.08"]
[Round "?"]
[White "Orlov, Vladimir"]
[Black "Boni, Roberto"]
[Result "1/2-1/2"]
[WhiteElo "2251"]
[BlackElo "2200"]
[PlyCount "108"]
[EventDate "2020.09.03"]
[EventType "tourn (corr)"]
[EventRounds "6"]
[EventCountry "GER"]
[SourceTitle "Corr 2022"]
[Source "ChessBase"]
[SourceDate "2021.10.24"]
[SourceVersion "1"]
[SourceVersionDate "2021.10.24"]
[SourceQuality "1"]

1. e4 c5 2. Nf3 d6 3. d4 cxd4 4. Nxd4 Nf6 5. Nc3 a6 6. Be3 e5 7. Nb3 Be6 8. Qd2 Nbd7 9. 0-0-0 Be7 10. f3 b5 11. g4 0-0 12. g5 b4 13. Ne2 Ne8 14. f4 a5 15. f5 a4 16. fxe6 axb3 17. cxb3 fxe6 18. Bh3 Rxa2 19. Bxe6+ Kh8 20. Ng3 Nc7 21. Bc4 Qa8 22. Rhf1 Rxf1 23. Rxf1 Ra1+ 24. Kc2 Rxf1 25. Bxf1 d5 26. Qf2 g6 27. h4 Kg7 28. Kb1 Qf8 29. Qg2 Bc5 30. Bd2 Ne6 31. exd5 Nd4 32. Bc4 Qf3 33. Qxf3 Nxf3 34. Bc1 Nxh4 35. Ne4 Bf8 36. d6 Nf5 37. Be6 Nb8 38. d7 Be7 39. Nc5 Nc6 40. Na6 Kf8 41. Bd5 Nfd4 42. Bd2 Nd8 43. Nxb4 Bd6 44. Nc2 N4e6 45. Ne3 Ke7 46. Ng4 Nf4 47. Bg8 Nde6 48. Bxf4 Nxf4 49. Nf6 Nh3 50. Bxh7 Nxg5 51. Bxg6 Bc7 52. Nd5+ Kxd7 53. Kc2 Kc6 54. Nxc7 Kxc7 1/2-1/2

[Event "LSS No Engine Cup 203 Final"]
[Site "LSS email"]
[Date "2020.10.23"]
[Round "?"]
[White "Orlov, Vladimir"]
[Black "Kelemen, Gyoergy"]
[Result "1/2-1/2"]
[WhiteElo "2078"]
[BlackElo "2229"]
[PlyCount "77"]
[EventDate "2020.10.23"]
[EventType "tourn (corr)"]
[EventRounds "6"]
[EventCountry "GER"]
[SourceTitle "Corr 2024"]
[Source "ChessBase"]
[SourceDate "2023.10.19"]
[SourceVersion "1"]
[SourceVersionDate "2023.10.19"]
[SourceQuality "1"]

1. e4 c5 2. Nf3 d6 3. d4 cxd4 4. Nxd4 Nf6 5. Nc3 a6 6. Be3 e5 7. Nb3 Be6 8. Qd2 Nbd7 9. 0-0-0 Be7 10. f4 Ng4 11. g3 Nxe3 12. Qxe3 b5 13. Kb1 Qb6 14. Qxb6 Nxb6 15. f5 Bd7 16. a3 Rc8 17. Rd3 Bc6 18. Bg2 Rc7 19. h4 Ba8 20. Rhd1 0-0 21. Nd2 Rc5 22. Nf1 Nc4 23. Ne3 Nxe3 24. Rxe3 Rfc8 25. Red3 a5 26. Bh3 R8c7 27. Nd5 Bxd5 28. Rxd5 Rxd5 29. Rxd5 Rc5 30. Rd3 Rc4 31. Re3 Rd4 32. c3 Rd2 33. Kc1 Rh2 34. Bg4 Kf8 35. Be2 Rh1+ 36. Kc2 Re1 37. Kd2 Rb1 38. b4 Rb2+ 39. Kc1 1/2-1/2

[Event "LSS No Engine Cup 201 Final"]
[Site "LSS email"]
[Date "2020.10.23"]
[Round "?"]
[White "Orlov, Vladimir"]
[Black "Mostowik, Pawel"]
[Result "1-0"]
[WhiteElo "2078"]
[BlackElo "2178"]
[PlyCount "49"]
[EventDate "2020.10.23"]
[EventType "tourn (corr)"]
[EventRounds "6"]
[EventCountry "GER"]
[SourceTitle "Corr 2022"]
[Source "ChessBase"]
[SourceDate "2021.10.24"]
[SourceVersion "1"]
[SourceVersionDate "2021.10.24"]
[SourceQuality "1"]

1. e4 c5 2. Nf3 Nc6 3. d4 cxd4 4. Nxd4 e5 5. Nb5 Nf6 6. N1c3 d6 7. Bg5 Be7 8. Bxf6 Bxf6 9. Qxd6 Qxd6 10. Nxd6+ Ke7 11. 0-0-0 Bg5+ 12. Kb1 Rd8 13. h4 Bf6 14. Nxc8+ Raxc8 15. Rxd8 Rxd8 16. Nd5+ Kf8 17. c3 Be7 18. b4 Bd6 19. h5 Be7 20. Kc2 Bg5 21. Bc4 h6 22. a4 a5 23. Bb5 Ne7 24. Nb6 Nc8 25. bxa5 1-0

[Event "LSS No Engine Cup 201 Final"]
[Site "LSS email"]
[Date "2020.10.23"]
[Round "?"]
[White "Schleef, Harald"]
[Black "Orlov, Vladimir"]
[Result "1/2-1/2"]
[WhiteElo "2279"]
[BlackElo "2078"]
[PlyCount "52"]
[EventDate "2020.10.23"]
[EventType "tourn (corr)"]
[EventRounds "6"]
[EventCountry "GER"]
[SourceTitle "Corr 2022"]
[Source "ChessBase"]
[SourceDate "2021.10.24"]
[SourceVersion "1"]
[SourceVersionDate "2021.10.24"]
[SourceQuality "1"]

1. e4 e6 2. d4 d5 3. Nc3 Nf6 4. e5 Nfd7 5. Nce2 c5 6. c3 Nc6 7. f4 Be7 8. Nf3 0-0 9. Be3 f6 10. g3 Qb6 11. Qb3 Qa6 12. Qc2 fxe5 13. dxe5 b5 14. Bh3 Kh8 15. Bg2 b4 16. h4 bxc3 17. Ng5 g6 18. bxc3 Bxg5 19. hxg5 Kg8 20. Bf2 Qc4 21. Qb3 Ba6 22. Qxc4 Bxc4 23. Bh3 Rfe8 24. Kd2 Rab8 25. Rhb1 Kf7 26. Nc1 Na5 1/2-1/2

[Event "LSS No Engine Cup 203 Final"]
[Site "LSS email"]
[Date "2020.10.23"]
[Round "?"]
[White "Schleef, Harald"]
[Black "Orlov, Vladimir"]
[Result "1/2-1/2"]
[WhiteElo "2279"]
[BlackElo "2078"]
[PlyCount "56"]
[EventDate "2020.10.23"]
[EventType "tourn (corr)"]
[EventRounds "6"]
[EventCountry "GER"]
[SourceTitle "Corr 2024"]
[Source "ChessBase"]
[SourceDate "2023.10.19"]
[SourceVersion "1"]
[SourceVersionDate "2023.10.19"]
[SourceQuality "1"]

1. e4 e6 2. d4 d5 3. Nc3 Nf6 4. Bg5 Bb4 5. Nge2 dxe4 6. a3 Be7 7. Bxf6 gxf6 8. Nxe4 f5 9. N4c3 Nd7 10. g3 Nf6 11. Bg2 c6 12. 0-0 Qc7 13. Nf4 Bd7 14. b4 h5 15. h4 Nd5 16. Ncxd5 cxd5 17. Re1 Kf8 18. Nd3 Rc8 19. Rc1 Bd6 20. Ne5 Ba4 21. Re3 Bxe5 22. Rxe5 Qc3 23. Re3 Qb2 24. Qd2 Rg8 25. Ree1 Rc3 26. Bf1 a6 27. Bd3 Rxa3 28. Qh6+ Ke7 1/2-1/2

[Event "LSS No Engine Cup 201 Preliminary 0"]
[Site "LSS email"]
[Date "2020.03.17"]
[Round "?"]
[White "Orlov, Vladimir"]
[Black "Couspeyre, Thierry"]
[Result "1-0"]
[WhiteElo "1600"]
[BlackElo "1534"]
[PlyCount "65"]
[EventDate "2020.03.17"]
[EventType "tourn (corr)"]
[EventRounds "6"]
[EventCountry "GER"]
[SourceTitle "Corr 2022"]
[Source "ChessBase"]
[SourceDate "2021.10.24"]
[SourceVersion "1"]
[SourceVersionDate "2021.10.24"]
[SourceQuality "1"]

1. e4 e5 2. Nf3 Nc6 3. Bc4 Be7 4. 0-0 Nf6 5. d3 0-0 6. Re1 d6 7. a4 Be6 8. Nbd2 h6 9. c3 a6 10. a5 Nd7 11. b4 Bxc4 12. Nxc4 Kh8 13. Ne3 Nf6 14. Qb3 Qd7 15. Nf5 Ng8 16. d4 exd4 17. cxd4 Bf6 18. Bb2 Nce7 19. Ng3 Ng6 20. Rad1 Qe6 21. d5 Qd7 22. Bxf6 Nxf6 23. Nd4 Rfe8 24. Qb2 Nf4 25. f3 Re5 26. Qd2 Ng6 27. Ndf5 Kh7 28. Nxg7 Kxg7 29. f4 Ree8 30. Qc3 Qd8 31. Nh5+ Kh8 32. Nxf6 Rf8 33. Rd3 1-0

[Event "LSS No Engine Cup 201 Preliminary 0"]
[Site "LSS email"]
[Date "2020.03.17"]
[Round "?"]
[White "Orlov, Vladimir"]
[Black "Wilshusen, Horst"]
[Result "1-0"]
[WhiteElo "1600"]
[BlackElo "1619"]
[PlyCount "61"]
[EventDate "2020.03.17"]
[EventType "tourn (corr)"]
[EventRounds "6"]
[EventCountry "GER"]
[SourceTitle "Corr 2022"]
[Source "ChessBase"]
[SourceDate "2021.10.24"]
[SourceVersion "1"]
[SourceVersionDate "2021.10.24"]
[SourceQuality "1"]

1. e4 e5 2. Nf3 Nc6 3. Bc4 Bc5 4. c3 Nf6 5. d4 exd4 6. cxd4 Bb4+ 7. Nc3 Nxe4 8. 0-0 Bxc3 9. d5 Ne5 10. bxc3 Nxc4 11. Qd4 0-0 12. Qxe4 Nd6 13. Qf4 Ne8 14. Re1 d6 15. Qg3 Bf5 16. Nd4 Qd7 17. c4 Bg6 18. Bg5 f6 19. Bf4 Bf7 20. Rab1 c6 21. Qb3 c5 22. Ne6 Bxe6 23. dxe6 Qe7 24. Qxb7 Nc7 25. Qc6 Rfd8 26. Rb7 Rac8 27. Rxa7 Qe8 28. Qb7 Qe7 29. Bd2 g5 30. Ba5 Rb8 31. Qxc7 1-0

[Event "LSS No Engine Cup 201 Preliminary 0"]
[Site "LSS email"]
[Date "2020.03.17"]
[Round "?"]
[White "Townsend, John"]
[Black "Orlov, Vladimir"]
[Result "0-1"]
[WhiteElo "1797"]
[BlackElo "1600"]
[PlyCount "36"]
[EventDate "2020.03.17"]
[EventType "tourn (corr)"]
[EventRounds "6"]
[EventCountry "GER"]
[SourceTitle "Corr 2022"]
[Source "ChessBase"]
[SourceDate "2021.10.24"]
[SourceVersion "1"]
[SourceVersionDate "2021.10.24"]
[SourceQuality "1"]

1. e4 e6 2. d4 d5 3. Nc3 Nf6 4. Bg5 dxe4 5. Nxe4 Be7 6. Bxf6 Bxf6 7. Nf3 Nd7 8. Qd2 0-0 9. 0-0-0 b6 10. Bc4 Bb7 11. Qf4 Bd5 12. Bd3 c5 13. c4 Bxe4 14. Bxe4 Rb8 15. dxc5 bxc5 16. Qd2 Rxb2 17. Qxb2 Bxb2+ 18. Kxb2 Qf6+ 0-1

[Event "LSS No Engine Cup 201 Preliminary 0"]
[Site "LSS email"]
[Date "2020.03.17"]
[Round "?"]
[White "Vasseur, Olivier"]
[Black "Orlov, Vladimir"]
[Result "0-1"]
[WhiteElo "1753"]
[BlackElo "1600"]
[PlyCount "58"]
[EventDate "2020.03.17"]
[EventType "tourn (corr)"]
[EventRounds "6"]
[EventCountry "GER"]
[SourceTitle "Corr 2022"]
[Source "ChessBase"]
[SourceDate "2021.10.24"]
[SourceVersion "1"]
[SourceVersionDate "2021.10.24"]
[SourceQuality "1"]

1. d4 Nf6 2. c4 e6 3. Nf3 d5 4. Nc3 Be7 5. Qb3 c5 6. cxd5 exd5 7. dxc5 0-0 8. Bg5 Be6 9. Nd4 Na6 10. c6 bxc6 11. Nxc6 Qd7 12. Qa4 Nb4 13. Nd4 Qxa4 14. Nxa4 Rac8 15. Nc3 h6 16. Be3 Rc4 17. Rc1 Ng4 18. b3 Rcc8 19. Bf4 Nc6 20. Nc2 d4 21. Nb5 Rfd8 22. f3 Nf6 23. Nc7 Bf5 24. e4 d3 25. Na3 Bxe4 26. Nb1 Nb4 27. Rc4 d2+ 28. Nxd2 Bd3 29. Nb5 Bxc4 0-1

[Event "RA-2019-0-00632"]
[Site "LSS email"]
[Date "2019.08.20"]
[Round "?"]
[White "Orlov, Vladimir"]
[Black "Willmann, Bernd"]
[Result "1/2-1/2"]
[WhiteElo "2195"]
[BlackElo "2275"]
[PlyCount "39"]
[EventDate "2019.07.13"]
[EventType "tourn (corr)"]
[EventRounds "6"]
[EventCountry "GER"]
[SourceTitle "Corr 2022"]
[Source "ChessBase"]
[SourceDate "2021.10.24"]
[SourceVersion "1"]
[SourceVersionDate "2021.10.24"]
[SourceQuality "1"]

1. e4 c5 2. Nf3 Nc6 3. Bb5 g6 4. Bxc6 bxc6 5. 0-0 Bg7 6. Re1 Nf6 7. e5 Nd5 8. c4 Nc7 9. d4 cxd4 10. Qxd4 Ne6 11. Qh4 d6 12. exd6 Qxd6 13. Nc3 h5 14. Bd2 Qc7 15. Na4 Bf6 16. Qg3 Qxg3 17. hxg3 g5 18. Rad1 h4 19. gxh4 gxh4 20. Kh2 1/2-1/2

[Event "RA-2017-0-00548"]
[Site "LSS email"]
[Date "2017.11.02"]
[Round "?"]
[White "Misericordia, Antonio"]
[Black "Orlov, Vladimir"]
[Result "1/2-1/2"]
[WhiteElo "2346"]
[BlackElo "2211"]
[PlyCount "129"]
[EventDate "2017.10.19"]
[EventType "tourn (corr)"]
[EventRounds "6"]
[EventCountry "GER"]
[SourceTitle "Corr 2022"]
[Source "ChessBase"]
[SourceDate "2021.10.24"]
[SourceVersion "1"]
[SourceVersionDate "2021.10.24"]
[SourceQuality "1"]

1. g3 c5 2. c4 g6 3. Nc3 Bg7 4. Bg2 Nc6 5. a3 b6 6. d3 Bb7 7. Nf3 Nf6 8. Ne5 0-0 9. Nxc6 Bxc6 10. e4 Ne8 11. 0-0 Nc7 12. Rb1 d6 13. Nd5 Ne6 14. f4 Nd4 15. f5 Bxd5 16. cxd5 a5 17. Rf2 b5 18. Qg4 a4 19. Bg5 b4 20. Qh4 Bf6 21. fxg6 fxg6 22. Rbf1 Rb8 23. e5 dxe5 24. Be4 Rb6 25. Bh6 Qc8 26. Kg2 bxa3 27. bxa3 Qd7 28. Qg5 Rfb8 29. Qxe5 Nb5 30. h4 Qe8 31. Qf4 Nd6 32. g4 Rb2 33. Rxb2 Rxb2+ 34. Kh1 Nf7 35. d6 Nxh6 36. Qxh6 Rb6 37. h5 Bg7 38. Qg5 Rxd6 39. hxg6 hxg6 40. Bd5+ e6 41. Be4 e5 42. Kh2 Qe6 43. Rf2 Bf8 44. Kg3 Qe7 45. Qc1 Qe6 46. Qg5 Qe7 47. Qe3 Qe6 48. Qf3 Be7 49. Qe3 Qd7 50. Qh6 Rxd3+ 51. Kh2 Rd6 52. Bxg6 Bf6 53. Qh5 Qg7 54. Bc2 Qh8 55. Bxa4 Rd4 56. Bb5 Rxg4 57. Qxh8+ Bxh8 58. Kh3 Rf4 59. Ra2 Bf6 60. a4 Bd8 61. a5 Kf7 62. a6 Bb6 63. a7 Bxa7 64. Rxa7+ Ke6 65. Be2 1/2-1/2

[Event "RA-2017-0-00548"]
[Site "LSS email"]
[Date "2017.11.02"]
[Round "?"]
[White "Orlov, Vladimir"]
[Black "Kovalenko, Igor"]
[Result "0-1"]
[WhiteElo "2211"]
[BlackElo "2313"]
[PlyCount "94"]
[EventDate "2017.10.19"]
[EventType "tourn (corr)"]
[EventRounds "6"]
[EventCountry "GER"]
[SourceTitle "Corr 2022"]
[Source "ChessBase"]
[SourceDate "2021.10.24"]
[SourceVersion "1"]
[SourceVersionDate "2021.10.24"]
[SourceQuality "1"]

1. e4 c5 2. Nf3 d6 3. d4 cxd4 4. Nxd4 Nf6 5. Nc3 a6 6. Bg5 Nbd7 7. Bc4 Qb6 8. Bb3 e6 9. 0-0 Be7 10. Kh1 Nc5 11. Qe2 h6 12. Be3 Qc7 13. f4 0-0 14. Rae1 b5 15. e5 Nh7 16. Nf3 Bb7 17. a3 Rad8 18. Ba2 dxe5 19. Nxe5 Nd7 20. Nxf7 Rxf7 21. Bxe6 Nhf6 22. Bxf7+ Kxf7 23. Bd4 Nf8 24. Be5 Qc6 25. f5 Kg8 26. Rf3 N8h7 27. Rg3 Ng5 28. Bxf6 Bxf6 29. Rd3 Kh7 30. Rxd8 Bxd8 31. Rd1 Qc5 32. Qg4 Bf6 33. Rf1 Kh8 34. Qe2 Bc6 35. Qd3 a5 36. h4 Nh7 37. Ne4 Qe5 38. Nd6 Qe7 39. Qg3 Bxh4 40. Qe5 Qc7 41. Nc4 Qd8 42. Nd6 Qa8 43. Qe2 Nf6 44. Rd1 Kh7 45. Rd3 b4 46. a4 Bd5 47. Rd4 Bg3 0-1

[Event "OP-2017-0-04318"]
[Site "LSS email"]
[Date "2017.04.03"]
[Round "?"]
[White "Szczepanski, Zbigniew"]
[Black "Orlov, Vladimir"]
[Result "1-0"]
[WhiteElo "2481"]
[BlackElo "2207"]
[PlyCount "79"]
[EventDate "2017.03.30"]
[EventType "tourn (corr)"]
[EventRounds "4"]
[EventCountry "GER"]
[SourceTitle "Corr 2022"]
[Source "ChessBase"]
[SourceDate "2021.10.24"]
[SourceVersion "1"]
[SourceVersionDate "2021.10.24"]
[SourceQuality "1"]

1. d4 Nf6 2. c4 e6 3. g3 d5 4. Bg2 dxc4 5. Nf3 a6 6. 0-0 Nc6 7. e3 Bd7 8. Qe2 b5 9. b3 cxb3 10. axb3 Be7 11. Rd1 0-0 12. Nc3 b4 13. d5 exd5 14. Nxd5 Nxd5 15. Rxd5 Qc8 16. Qc2 h6 17. Bb2 Rb8 18. Nh4 Bxh4 19. Rxd7 Qxd7 20. Bxc6 Qg4 21. f3 Qe6 22. gxh4 Rb6 23. Rc1 Qxe3+ 24. Kh1 Rxc6 25. Qxc6 Qxb3 26. Bd4 Rd8 27. Rg1 Rxd4 28. Qf6 g6 29. Qxd4 Qxf3+ 30. Rg2 Qf1+ 31. Qg1 Qf3 32. Qf2 Qd1+ 33. Rg1 Qd5+ 34. Qg2 Qe5 35. Rf1 h5 36. Qa8+ Kg7 37. Qxa6 Qd5+ 38. Kg1 Qd4+ 39. Kg2 Qe4+ 40. Rf3 1-0

[Event "SA-2016-0-00534"]
[Site "LSS email"]
[Date "2016.08.28"]
[Round "?"]
[White "Popov, Vladimir"]
[Black "Orlov, Vladimir"]
[Result "1/2-1/2"]
[WhiteElo "2253"]
[BlackElo "2187"]
[PlyCount "48"]
[EventDate "2016.08.10"]
[EventType "tourn (corr)"]
[EventRounds "6"]
[EventCountry "GER"]
[SourceTitle "Corr 2022"]
[Source "ChessBase"]
[SourceDate "2021.10.24"]
[SourceVersion "1"]
[SourceVersionDate "2021.10.24"]
[SourceQuality "1"]

1. e4 e6 2. d4 d5 3. Nd2 c5 4. exd5 Qxd5 5. Ngf3 cxd4 6. Bc4 Qd6 7. 0-0 Nf6 8. Nb3 Nc6 9. Nbxd4 Nxd4 10. Nxd4 a6 11. Re1 Qc7 12. Qe2 Bc5 13. c3 h6 14. Nf5 g6 15. Nd4 Kf8 16. Bb3 Kg7 17. h3 Bd7 18. Be3 Rad8 19. Rad1 Bd6 20. Nf3 e5 21. Nd2 b5 22. c4 Bc6 23. c5 Be7 24. Nf3 Bxc5 1/2-1/2

[Event "SA-2016-0-00534"]
[Site "LSS email"]
[Date "2016.08.28"]
[Round "?"]
[White "Salzmann, Stefan"]
[Black "Orlov, Vladimir"]
[Result "0-1"]
[WhiteElo "2246"]
[BlackElo "2187"]
[PlyCount "78"]
[EventDate "2016.08.10"]
[EventType "tourn (corr)"]
[EventRounds "6"]
[EventCountry "GER"]
[SourceTitle "Corr 2022"]
[Source "ChessBase"]
[SourceDate "2021.10.24"]
[SourceVersion "1"]
[SourceVersionDate "2021.10.24"]
[SourceQuality "1"]

1. d4 Nf6 2. Nf3 e6 3. c4 b6 4. g3 Ba6 5. b3 Bb4+ 6. Bd2 Be7 7. Bg2 0-0 8. 0-0 d5 9. Ne5 Bb7 10. Nc3 Nbd7 11. Rc1 c5 12. Bf4 Rc8 13. e3 h6 14. h4 cxd4 15. exd4 Ne4 16. Re1 Nxc3 17. Rxc3 Bb4 18. Rc1 Bxe1 19. Qxe1 Re8 20. Qb4 a5 21. Qa3 Qe7 22. Qxe7 Rxe7 23. Ng4 Nb8 24. Ne3 dxc4 25. bxc4 Bxg2 26. Kxg2 b5 27. Rb1 b4 28. Bd6 Rd7 29. c5 Nc6 30. Nc4 Rb7 31. Bf4 Rd8 32. Nd6 Ra7 33. Be3 a4 34. Kf3 b3 35. a3 Rad7 36. Ke4 Rxd6 37. cxd6 Rxd6 38. Kd3 Nxd4 39. Bxd4 e5 0-1